Airplane Quiz - Statistics

General Stats
  • This quiz has been taken 119 times
  • The average score is 13 of 17
Answer Stats
Picture Answer % Correct
Boeing 747-400
98%
Airbus A380
96%
Boeing 737-800
94%
Boeing 767-300ER
93%
Airbus A340-300
92%
Boeing 757-200
89%
Airbus A350-900
88%
Airbus A330-300
87%
Boeing 787-9 Dreamliner
84%
Airbus A321-100
73%
McDonnell-Douglas DC-10
73%
Airbus A310
70%
McDonnell-Douglas MD-80
63%
Bombardier Q400
52%
ATR-72
48%
Bombardier CRJ-900
48%
BAe 146
24%
No matching quizzes found
Score Distribution
Percent of People with Each Score
Percentile by Number Answered
Your Score History
You have not taken this quiz